Công nghệ dạy văn Dẫn luận - cơ sở tâm lí học
Nghiên cứu và phân tích chiến lược giáo dục và dạy văn mới. Nhấn mạnh những vấn đề kĩ thuật trong chiến lược dạủ văn mới như: phương pháp giảng nghĩa từ, thể loại tự sự, ấn tượng đối với cảm hứng của nhà thơ, tạo hình thù tác phẩm, kịch ở trong nhà trường...
Đã lưu trong:
| Príomhúdar: | |
|---|---|
| Formáid: | Leabhar |
| Teanga: | Vietnamese |
| Foilsithe: |
H.
Đại học Quốc gia Hà Nội
2000
|
| Ábhair: | |
| Clibeanna: |
Cuir Clib Leis
Gan Chlibeanna, Bí ar an gcéad duine leis an taifead seo a chlibeáil!
|
| Thư viện lưu trữ: | Mạng thư viện Đại học Đà Nẵng |
|---|
| LEADER | 01480nam a22003738a 4500 | ||
|---|---|---|---|
| 001 | 000014218 | ||
| 003 | 10577 | ||
| 005 | 20120424080438.0 | ||
| 008 | 120423s2000 b 000 0 od | ||
| 020 | |c 70000đ |d 1000b | ||
| 041 | 0 | |a 0106 | |
| 041 | 0 | |a vie | |
| 080 | |a 371.01 | ||
| 082 | |a 807 |b PH-T | ||
| 084 | |a U426.21 |b C455N | ||
| 100 | 1 | |a Phạm Toàn |e Tác giả | |
| 245 | 1 | 0 | |a Công nghệ dạy văn |b Dẫn luận - cơ sở tâm lí học |c Phạm Toàn |
| 260 | |a H. |b Đại học Quốc gia Hà Nội |c 2000 | ||
| 300 | |a 518tr |c 21cm | ||
| 520 | |a Nghiên cứu và phân tích chiến lược giáo dục và dạy văn mới. Nhấn mạnh những vấn đề kĩ thuật trong chiến lược dạủ văn mới như: phương pháp giảng nghĩa từ, thể loại tự sự, ấn tượng đối với cảm hứng của nhà thơ, tạo hình thù tác phẩm, kịch ở trong nhà trường | ||
| 653 | |a Giáo dục | ||
| 653 | |a Dạy văn | ||
| 653 | |a Chiến lược | ||
| 653 | |a Kĩ thuật | ||
| OWN | |a LSP | ||
| AVA | |a UDN50 |b LSP |d 807 PH-T |e available |t Error 5001 Not defined in file expand_doc_bib_avail. |f 2 |g 0 |h N |i 0 |k 1 | ||
| 999 | |a From the UDN01 | ||
| AVA | |a UDN50 |b LSP |d 807 PH-T |e available |t Error 5001 Not defined in file expand_doc_bib_avail. |f 2 |g 0 |h N |i 0 |k 1 | ||
| TYP | |a Monograph | ||
| TYP | |a Printed language | ||
| 980 | |a Mạng thư viện Đại học Đà Nẵng | ||